LEADER 00544naa a2200133 i 4500 001 000000329569 003 CaOOAMICUS 005 20180831173622.0 008 180831n it u000 u ita u 013 $a41238 040 $aSeMil$bita 245 13$aLe strade del welfare: sintesi delle principali proposte di riforma. 773 0 $tWelfare responsabile.$dMilano : Vita e Pensiero, 2017.$kRicerche. Sociologia$z978-88-343-3325-9$gp.117-140$w()98957 996 $6245$aLe strade del welfare: sintesi delle principali proposte di riforma$9(OLS)http://semarc/title/418050 LEADER 00597nas a2200157 i 4500 001 000000009314 003 CaOOAMICUS 005 20180830125439.0 008 180830n it u0 ita u 040 $aSeMil$bita 245 10$aScuola, università e società /$ccollana diretta da Vincenzo Cesareo e Enrico De Mita. 260 $aMilano :$bVita e Pensiero,$c[197.] 300 $av. ;$c20 cm. 700 1 $aDe Mita, Enrico.$0(OLS)http://semarc/name/4592 996 $6245$aScuola, università e società$9(OLS)http://semarc/title/12293 996 $6260$aMilano :$bVita e Pensiero$9(OLS)http://semarc/publisher/29642